000 00997nam a22003377a 4500
001 BR0902063
003 BR-BrBNA
005 20230928102920.0
007 ta
008 230509b bl.||||| |||| 00| 0 por d
040 _aBR-BrBNA
_bpor
_cBiblioteca Nacional de Agricultura
041 _a(Por)
072 _aE16; Q02
_b1160
_b1220
090 _ 1160 BR0902063
100 1 _aBrainer, M.S. de C.P.
100 1 _aEvangelista, F.R.
110 1 _aBancio do Nordeste do Brasil S.A., Fortaleza, CE (Brasil)
245 1 _aProposta de zoneamento para a cajucultura
_bSérie documentos do ETENE nº 10
260 3 _aFortaleza, CE (Brasil):
_c2006.
300 _a175 p.
500 _a20 ref.; 29 tables; 11 illus.
650 _aCAJÚ
650 _aCASTANHA DE CAJU
650 _aZONEAMENTO AGRÍCOLA
650 _aESTATÍSTICA DE PRODUÇÃO
650 _aPRODUTIVIDADE
650 _aTECNOLOGIA DE ALIMENTO
650 _aNORDESTE
909 _a202309
_bLucia
_c55
_dLucia Elande
942 _cBK
999 _c72966
_d72966